Top 100 Biggest U.S. Cities On A Map - Statistics

General Stats
  • This quiz has been taken 97 times
    18 since last reset
  • The average score is 78 of 100
Answers on the Map
Answers color-coded by a green-red scale on the quiz's map according to % correct below.
 
Answer Stats
State Answer Population % Correct
TX Dallas 1,302,868
100%
TX Fort Worth 978,468
100%
TX Houston 2,314,157
100%
NV Las Vegas 660,929
100%
AZ Phoenix 1,650,070
100%
TX San Antonio 1,495,295
100%
NM Albuquerque 560,274
92%
TX Austin 979,882
92%
MA Boston 653,833
92%
IL Chicago 2,664,452
92%
CO Colorado Springs 488,664
92%
CO Denver 716,577
92%
MI Detroit 633,218
92%
TX El Paso 678,958
92%
CA Los Angeles 3,820,914
92%
TN Memphis 618,639
92%
FL Miami 455,924
92%
NY New York 8,258,035
92%
NV Reno 274,915
92%
CA San Francisco 808,988
92%
AZ Tucson 547,239
92%
DC Washington 678,972
92%
AK Anchorage 286,075
85%
GA Atlanta 510,823
85%
CA Bakersfield 413,381
85%
MD Baltimore 565,239
85%
ID Boise 235,421
85%
NY Buffalo 274,678
85%
OH Cincinnati 311,097
85%
OH Columbus 913,175
85%
TX Corpus Christi 316,595
85%
CA Fresno 545,716
85%
HI Honolulu 341,778
85%
IN Indianapolis 879,293
85%
FL Jacksonville 985,843
85%
MO Kansas City 510,704
85%
NE Lincoln 294,757
85%
AZ Mesa 511,648
85%
TN Nashville 687,788
85%
LA New Orleans 364,136
85%
NV North Las Vegas 284,771
85%
NE Omaha 483,335
85%
FL Orlando 320,742
85%
PA Philadelphia 1,550,542
85%
OR Portland 630,498
85%
CA Sacramento 526,384
85%
MN Saint Paul 303,820
85%
CA San Diego 1,388,320
85%
CA San Jose 969,655
85%
WA Seattle 755,078
85%
FL Tampa 403,364
85%
OH Toledo 265,304
85%
CO Aurora 395,052
77%
NC Charlotte 911,311
77%
OH Cleveland 362,656
77%
CA Long Beach 449,468
77%
WI Madison 280,305
77%
WI Milwaukee 561,385
77%
OK Oklahoma City 702,767
77%
PA Pittsburgh 303,255
77%
NC Raleigh 482,295
77%
WA Spokane 229,447
77%
MO St. Louis 281,754
77%
FL St. Petersburg 263,553
77%
OK Tulsa 411,894
77%
VA Virginia Beach 453,649
77%
KS Wichita 396,119
77%
CA Anaheim 340,512
69%
IN Fort Wayne 269,994
69%
TX Laredo 257,602
69%
KY Lexington 320,154
69%
KY Louisville 622,981
69%
TX Lubbock 266,878
69%
MN Minneapolis 425,115
69%
NJ Newark 304,960
69%
CA Oakland 436,504
69%
VA Richmond 229,247
69%
TX Arlington 398,431
62%
AZ Chandler 280,167
62%
NC Durham 296,186
62%
CA Fremont 226,208
62%
AZ Glendale 253,855
62%
NC Greensboro 302,296
62%
NV Henderson 337,305
62%
AL Huntsville 225,564
62%
NJ Jersey City 291,657
62%
VA Norfolk 230,930
62%
TX Plano 290,190
62%
FL Port St. Lucie 245,021
62%
AZ Scottsdale 244,394
62%
CA Stockton 319,543
62%
NC Winston-Salem 252,975
62%
CA Chula Vista 274,333
54%
TX Garland 243,470
54%
CA Irvine 314,621
54%
TX Irving 254,373
54%
CA Riverside 318,858
54%
VA Chesapeake 253,886
46%
AZ Gilbert 275,411
46%
CA Santa Ana 310,539
46%
No matching quizzes found
Score Distribution
Percent of People with Each Score
Percentile by Number Answered
Your Score History
You have not taken this quiz since the last reset